[Event "GMC"]
[Site "Wijk aan Zee NED"]
[Date "2004.01.25"]
[Round "13"]
[White "Ernst,S"]
[Black "Peng Zhaoqin"]
[Result "1-0"]
[WhiteElo "2474"]
[BlackElo "2419"]
[EventDate "2004.01.10"]

1. d4 d5 2. c4 c6 3. Nf3 Nf6 4. e3 g6 5. Nc3 Bg7 6. Be2 O-O 7. O-O a6 8. a4
a5 9. cxd5 cxd5 10. Qb3 Nc6 11. Bd2 Qd6 12. Rac1 h6 13. Rfd1 Rd8 14. Nb5
Qb8 15. Be1 Bg4 16. h3 Bxf3 17. Bxf3 e6 18. Nc3 Rc8 19. Be2 Bf8 20. Na2 Ne4
21. Rc2 b6 22. Rdc1 Qb7 23. Bb5 Na7 24. Bd3 Rxc2 25. Rxc2 Nd6 26. Rc3 Rc8
27. Rxc8 Naxc8 28. Qc2 Ne7 29. b4 axb4 30. Nxb4 Qc8 31. Qxc8 Ndxc8 32. Bb5
Nd6 33. Bd7 Nc4 34. g4 g5 35. Kf1 Ng6 36. Ke2 Bd6 37. Bb5 Na5 38. Nd3 Kf8
39. Nc5 Ke7 40. Nd7 Nc4 41. Bxc4 Kxd7 42. Bd3 Ne7 43. Bb5+ Nc6 44. f3 Kc7
45. h4 f5 46. h5 fxg4 47. fxg4 Ne7 48. Be8 Kd8 49. Bf7 Kd7 50. Bc3 Nc6 51.
Bg6 Bb4 52. Bb2 Na5 53. Bd3 Ke7 54. e4 Kf7 55. Kd1 Nb7 56. Kc2 Nd6 57. exd5
exd5 58. Kb3 Ba5 59. Ba3 Ke6 60. Bh7 Kd7 61. Bc1 Nc4 62. Bg8 Bd2 63. Bxd5
Bxc1 64. Bxc4 Ke7 65. Kc2 Ba3 66. Kd3 Kf6 67. Bb3 Bc1 68. Bc2 Ke6 69. Bb1
Bf4 70. Ba2+ Kf6 71. d5 Bh2 72. Kc4 Bc7 73. Kb5 Ke7 74. Kc6 Bf4 75. Kxb6
Kd6 76. a5 Be3+ 77. Kb7 1-0

[Event "GMC"]
[Site "Wijk aan Zee NED"]
[Date "2004.01.25"]
[Round "13"]
[White "Gagunashvili,M"]
[Black "Lahno,Kateri"]
[Result "1/2-1/2"]
[WhiteElo "2583"]
[BlackElo "2493"]
[EventDate "2004.01.10"]

1. e4 e6 2. d4 d5 3. Nd2 c5 4. exd5 Qxd5 5. Ngf3 cxd4 6. Bc4 Qd6 7. O-O Nf6
8. Nb3 Nc6 9. Nbxd4 Nxd4 10. Nxd4 a6 11. Re1 Qc7 12. Bb3 Bd7 13. Qf3 Bd6
14. h3 O-O-O 15. Bg5 Qc5 16. Be3 Qe5 17. g3 Qe4 18. Rad1 Bc6 19. Qxe4 Bxe4
20. Bg5 Bg6 21. Nf3 h6 22. Be3 Be4 23. Nd2 Bc6 24. Nc4 Bc7 25. Bd4 Rd7 26.
Nb6+ Bxb6 27. Bxb6 Ne4 28. Rxd7 Kxd7 29. Rd1+ Ke7 30. Kf1 Rc8 31. c4 Bd7
32. Ba5 e5 33. Bb4+ Nc5 34. Rd5 Bxh3+ 35. Kg1 b6 36. Rxe5+ Be6 37. Bc2 a5
38. Bc3 Nd7 39. Re2 Rxc4 40. Bxg7 h5 41. Bb3 Rg4 42. Bxe6 fxe6 43. Bc3 h4
44. Kg2 hxg3 45. fxg3 Rg5 46. Kf3 Rf5+ 47. Ke3 Nf6 48. Bxf6+ Kxf6 49. Rf2
Kg5 50. Rxf5+ exf5 51. Kd4 Kg4 52. Ke5 a4 53. Ke6 b5 54. a3 Kg5 55. Ke5 Kg4
56. Ke6 1/2-1/2

[Event "GMC"]
[Site "Wijk aan Zee NED"]
[Date "2004.01.25"]
[Round "13"]
[White "Etmans,M"]
[Black "Popov,Val"]
[Result "0-1"]
[WhiteElo "2225"]
[BlackElo "2580"]
[EventDate "2004.01.10"]

1. e4 c5 2. Nf3 d6 3. Bb5+ Nd7 4. O-O Ngf6 5. Qe2 a6 6. Bxd7+ Bxd7 7. e5
dxe5 8. Nxe5 e6 9. d3 Be7 10. Nc3 O-O 11. Nxd7 Qxd7 12. a4 Rfe8 13. Bg5 h6
14. Bh4 b6 15. Ne4 Nd5 16. Bxe7 Qxe7 17. f4 Rad8 18. Qf2 Nb4 19. Rae1 Nc6
20. Re3 Nd4 21. Ng3 Qd7 22. b3 g6 23. Kh1 Kg7 24. Rfe1 Qc6 25. Qd2 f6 26.
Qd1 Qd7 27. c3 Nc6 28. Qg4 Kf7 29. Qe2 Re7 30. h3 Rde8 31. Rf1 Qd5 32. Qb2
Rd8 33. Rfe1 b5 34. axb5 axb5 35. Ne4 f5 36. Nd2 Qd6 37. g3 e5 38. Nf3 Rde8
39. fxe5 Nxe5 40. Nxe5+ Rxe5 41. Rxe5 Rxe5 42. Rxe5 Qxe5 43. Qg2 Kf6 44.
Qc6+ Kg5 45. Qf3 f4 46. h4+ Kf5 47. g4+ Kf6 48. Qc6+ Qe6 49. Qxc5 Qe1+ 50.
Kg2 Qg3+ 51. Kf1 Qh3+ 52. Ke1 Qxh4+ 53. Kd2 Qxg4 54. d4 Qg2+ 55. Kd3 Qf3+
56. Kd2 Qe3+ 57. Kd1 f3 58. Qc6+ Kg5 59. Qxb5+ Kh4 60. Qe5 Qxe5 61. dxe5
Kg3 0-1

[Event "GMC"]
[Site "Wijk aan Zee NED"]
[Date "2004.01.25"]
[Round "13"]
[White "Werle,J"]
[Black "Janssen,R"]
[Result "1-0"]
[WhiteElo "2407"]
[BlackElo "2489"]
[EventDate "2004.01.10"]

1. Nf3 c5 2. c4 Nc6 3. d4 cxd4 4. Nxd4 Nf6 5. g3 Qa5+ 6. Bd2 Qc5 7. Nb5 Ne5
8. Bg2 Nxc4 9. N1a3 Nxa3 10. Nxa3 d5 11. Qb3 Bd7 12. Qxb7 Qc8 13. Qb3 Rb8
14. Qd3 e6 15. Rc1 Qd8 16. O-O Rxb2 17. Bc3 Rxa2 18. Nb5 Be7 19. Nc7+ Kf8
20. e4 Ra3 21. Qd2 d4 22. Bxd4 Ne8 23. Nxe8 Bxe8 24. Qb2 f6 25. Bh3 Rd3 26.
Bxa7 Qd7 27. Qb8 Qd6 28. Rc7 Rd1 29. Bc5 Rxf1+ 30. Bxf1 Qxc5 31. Rxc5 Bxc5
32. Qc8 Be7 33. Qxe6 g5 34. Bc4 Bg6 35. e5 f5 36. Bd3 Bf7 37. Qxf5 Kg7 38.
e6 Bh5 39. h4 Bg6 40. Qe5+ 1-0

[Event "GMC"]
[Site "Wijk aan Zee NED"]
[Date "2004.01.25"]
[Round "13"]
[White "Pavasovic,D"]
[Black "Bosboom Lanchava,T"]
[Result "0-1"]
[WhiteElo "2615"]
[BlackElo "2323"]
[EventDate "2004.01.10"]

1. e4 d6 2. d4 g6 3. Nc3 Bg7 4. g3 Nf6 5. Bg2 O-O 6. Nge2 c6 7. h3 e5 8.
Be3 Be6 9. d5 cxd5 10. exd5 Bd7 11. O-O Na6 12. a4 Qa5 13. Qd2 Qb4 14. Nc1
Qc4 15. Nb3 Nb4 16. Rfc1 Bf5 17. Bf1 Qc8 18. g4 Nxc2 19. Nb5 Qd7 20. gxf5
Nxa1 21. Nxa1 a6 22. Nc3 Qxf5 23. Nb3 Rac8 24. Na5 Rc7 25. Nc4 Rxc4 26.
Bxc4 Qxh3 27. Bf1 Qh5 28. Bg5 Ng4 29. Bg2 f6 30. Be3 f5 31. Bf3 Qh2+ 32.
Kf1 Nxe3+ 33. Qxe3 Bh6 34. Qe1 Bxc1 35. Qxc1 Qh4 36. Qc2 Rc8 37. Kg1 Qf4
38. Be2 e4 39. Kg2 e3 40. fxe3 Qxe3 41. Qd3 Qxd3 42. Bxd3 Kf7 43. a5 Rc5
44. Na4 Rxa5 45. Nb6 Ra2 0-1

[Event "GMC"]
[Site "Wijk aan Zee NED"]
[Date "2004.01.25"]
[Round "13"]
[White "Barendse,T"]
[Black "Pavlovic,Mi"]
[Result "0-1"]
[WhiteElo "2206"]
[BlackElo "2548"]
[EventDate "2004.01.10"]

1. e4 c5 2. Nf3 Nc6 3. d4 cxd4 4. Nxd4 Nf6 5. Nc3 d6 6. Bg5 Bd7 7. Be2 Qa5
8. Bxf6 gxf6 9. O-O Nxd4 10. Qxd4 Rc8 11. Kh1 Qc5 12. Qd2 Bg7 13. Bd3 e6
14. f4 h5 15. Qe2 Kf8 16. f5 Qe5 17. Rae1 h4 18. h3 Rg8 19. Qf2 Bh6 20.
fxe6 Bxe6 21. Qxf6 Bd2 22. Rb1 Qxf6 23. Rxf6 Ke7 24. Rf3 Bxc3 25. bxc3 b6
26. a4 Rg5 27. Rb5 Re5 28. Kg1 Rxc3 29. Kf2 Bd7 30. Rb3 Rec5 31. Rb4 Ra3
32. Rf4 Rxa4 33. e5 Rxb4 34. exd6+ Kxd6 35. Rxb4 Rh5 36. Rd4+ Ke7 37. Rc4
a5 38. Rc7 a4 39. Be2 Rc5 40. Rb7 Rxc2 41. Ke3 Rc5 42. Kd4 a3 43. Rxb6 a2
44. Ra6 Rc2 45. Bf3 Be6 46. Be4 Rc1 0-1